Géographie de l'Amérique du Sud par lettre - H - Statistiques

Statistiques générales
  • Ce quiz a été pris 88 fois
  • Le résultat moyen est 8 sur 20
Statistiques - réponses
Question Réponse % Correct
Point le plus austral de l'Amérique du Sud Cap {Horn}
89%
Prénom du leader vénézuélien mort en 2013 {Hugo} Chavez
73%
Nom donné à la Bolivie à l'époque coloniale {Haut}-Pérou
68%
Légume d'origine américaine, très répandu de par le monde, ingrédient de base du plat national brésilien, la feijoada Haricot
67%
Capitale de l'Etat du Minas Gerais Belo {Horizonte}
63%
Grande exploitation agricole d'Amérique du Sud Hacienda
57%
Caractéristique de tous les pays sud-américains, à l'exception du Brésil, du Suriname, du Guyana et de Guyane française Hispanophone
55%
Type de singe répandu en Amazonie, très bruyant Singe {hurleur}
55%
Religion répandue au Guyana (28% de la population) Hindouisme
53%
Arbre à caoutchouc, originaire d'Amazonie, qui a fait la fortune de la ville brésilienne de Manaus (entre autres) Hévéa
49%
Cet animal africain pullule dans la propriété de Pablo Escobar en Colombie Hippopotame
48%
Instrument de musique national du Paraguay Harpe
40%
Type d'énergie renouvelable produite par plusieurs gros équipements sud-américains, le Brésil en est le deuxième producteur mondial Hydroélectricité
25%
Grand rapace pouvant être féroce Harpie
19%
Département de Colombie, dont la capitale est Neiva, et dont les oléagineux ne figurent pas parmi les cultures principales ! Huila
12%
Naturaliste, géographe et explorateur allemand, qui a notamment donné son nom au courant du Pacifique qui longe la côte sud-américaine Alexander von Humboldt
11%
Ethnie asiatique dont il existe des communautés en Guyane depuis la fin des années 1970, qui produit une large part de la production agricole locale Hmong
5%
Capitale de l'île de Pâques Hanga Roa
4%
Volcan qui est le point culminant du Pérou Huascaran
4%
Point chaud de la biodiversité Hotspot
1%
Aucun quiz correspondant
Distribution des résultats
% des personnes avec chaque résultat
Percentile par nombre de réponses
Votre historique - résultats
Vous n’avez pas pris ce quiz